Invento o realidad?: la generación española de 1898
Uloženo v:
| Hlavní autor: | |
|---|---|
| Médium: | Kniha |
| Jazyk: | španělština |
| Vydáno: |
Valencia
Pre-Textos
1996
|
| Témata: | |
| Tagy: |
Přidat tag
Žádné tagy, Buďte první, kdo vytvoří štítek k tomuto záznamu!
|
MARC
| LEADER | 00000nam a2200000 a 4500 | ||
|---|---|---|---|
| 001 | UCS2487 | ||
| 003 | CL-VaPUC | ||
| 008 | 970530e19960000SP |||||||||||||||||spa|d | ||
| 082 | 0 | 4 | |a 860.9 |b BER |2 21 |
| 100 | 0 | |a Bernal Muñoz, José Luis |e author |9 387952 | |
| 245 | 1 | 0 | |a Invento o realidad?: la generación española de 1898 |
| 300 | |a 167 p | ||
| 942 | |c BK | ||
| 945 | |d 19970530 00:00:00 |a rleighto | ||
| 260 | |a Valencia |b Pre-Textos |c 1996 | ||
| 650 | 0 | |a Literatura española |9 306261 | |
| 650 | 0 | |a Historia y crítica |9 257407 | |
| 650 | 0 | |a Crítica literaria |9 269189 | |
| 583 | |a last modification |c 19970530 00:00:00 |k Rodrigo Vera | ||
| 999 | |c 260440 |d 260438 | ||
| 952 | |0 0 |1 0 |4 0 |6 860_900000000000000_BER_1996 |7 0 |8 A |9 286586 |a FDOPOS |b FDOPOS |d 2019-11-19 |i 3314138 |o 860.9 BER 1996 |p 3314138 |r 2025-01-22 |w 2019-11-19 |y BK |k MLH | ||